มุมมองปกติ
มุมมองแบบ MARC
- Thailand
รายการ Geographic Name
001 - CONTROL NUMBER
- control field: 67094
003 - CONTROL NUMBER IDENTIFIER
- control field: NALT
005 - DATE AND TIME OF LATEST TRANSACTION
- control field: 20251201102951.0
008 - FIXED-LENGTH DATA ELEMENTS
- fixed length control field: 251201|| aca||aabn | a|a d
040 ## - CATALOGING SOURCE
- Original cataloging agency: NALT
151 #0 - HEADING--GEOGRAPHIC NAME
- Geographic name: Thailand
- General subdivision: Statistics
- Chronological subdivision: 2025
